Normal view MARC view
  • Jesus Christ

Entry Personal Name

Number of records used in: 1

001 - CONTROL NUMBER

  • control field: 153694

003 - CONTROL NUMBER IDENTIFIER

  • control field: DLC

005 - DATE AND TIME OF LATEST TRANSACTION

  • control field: 20260415164050.0

008 - FIXED-LENGTH DATA ELEMENTS

  • fixed length control field: 860211|| anannbabn |b aaa

010 ## - LIBRARY OF CONGRESS CONTROL NUMBER

  • LC control number: sh 85070013

035 ## - SYSTEM CONTROL NUMBER

  • System control number: (DLC)sh 85070013

035 ## - SYSTEM CONTROL NUMBER

  • System control number: (DLC)67625

040 ## - CATALOGING SOURCE

  • Original cataloging agency: DLC
  • Transcribing agency: DLC
  • Modifying agency: DLC

100 0# - HEADING--PERSONAL NAME

  • Personal name: Jesus Christ
  • Form subdivision: Drama

400 0# - SEE FROM TRACING--PERSONAL NAME

  • Personal name: Jesus Christ
  • Form subdivision: Biography
  • Form subdivision: Drama
Devinim Yazılım Eğitim Danışmanlık tarafından Koha'nın orjinal sürümü uyarlanarak geliştirilip kurulmuştur.